| 000 | 00626nam a22001457a 4500 | ||
|---|---|---|---|
| 020 | _a0-52-12887-2 | ||
| 082 |
_a823 _bDON/S |
||
| 100 | _aDONNELLY,FRANCES | ||
| 245 | _aSHAKE DOWN THE STARS | ||
| 260 |
_aLONDON _bCORGI BOOKS |
||
| 300 | _a796 | ||
| 520 | _aThis novel is the story of three young women from the same village but each from a differnet strata of society. They follow their own stars to find new and independent lives in a changing world. Because they are from the same village their destinies are intertwined a way that would not have happened before the war. | ||
| 650 |
_aENGLISH- NOVEL _zLONDON |
||
| 942 | _cBK | ||
| 999 |
_c3163 _d3163 |
||